Elektrik dan magnet

Bibliographic Details
Main Author: Cash, Terry
Format: Book
Published: Kuala Lumpur : Utusan Publications & DistributorsSdn.Bhd. , 1994
Series:Siri Kemahiran Sains
Subjects:

MARC

LEADER 00000cam a2200000 7i4500
001 0000004191
002 000004508
005 20051005.0
020 |a 9676104442 
090 0 0 |a 507   |b CAS 
100 1 |a Cash, Terry 
245 1 0 |a Elektrik dan magnet   |c Terry Cash dan Barbara Taylor 
260 |a Kuala Lumpur :   |b Utusan Publications & DistributorsSdn.Bhd. ,   |c 1994 
300 |a 40 p. :   |b ill. ;   |c 26 cm. 
490 0 |a Siri Kemahiran Sains 
650 0 0 |a Electricity   |x Juvenile literature 
999 |a 037329   |b BUKU   |c JUNIOR BOOKS   |e PERPUSTAKAAN KOMUNITI PETALING JAYA